The organometallic chemistry of the transition metals
Uloženo v:
| Hlavní autor: | |
|---|---|
| Médium: | Kniha |
| Jazyk: | angličtina |
| Vydáno: |
Hoboken
John Wiley and Sons
2014
|
| Vydání: | 6a. ed |
| Témata: | |
| Tagy: |
Přidat tag
Žádné tagy, Buďte první, kdo vytvoří štítek k tomuto záznamu!
|
MARC
| LEADER | 00000cam a2200000 a 4500 | ||
|---|---|---|---|
| 001 | UCC3003 | ||
| 003 | CL-VaPUC | ||
| 008 | 180329e20140000us |||||||||||||||||eng|d | ||
| 020 | |a 9781118138076 | ||
| 082 | 0 | 4 | |a 547.056 |b CRA |2 21 |
| 100 | |a Crabtree, Robert H |e author |9 597017 | ||
| 245 | 1 | 4 | |a The organometallic chemistry of the transition metals |
| 250 | |a 6a. ed | ||
| 300 | |a 504 p | ||
| 942 | |c BK | ||
| 945 | |d 20180329 11:34:00 |a arojas | ||
| 260 | |a Hoboken |b John Wiley and Sons |c 2014 | ||
| 650 | 7 | |a QUIMICA ORGANOMETALICA |2 CL-VaPUC |9 306960 | |
| 650 | 7 | |a METALES DE TRANSICION |2 CL-VaPUC |9 306838 | |
| 583 | |a last modification |c 20180329 11:34:00 |k Rodrigo Vera | ||
| 999 | |c 370871 |d 370869 | ||
| 952 | |0 0 |1 0 |3 erd |4 0 |6 547_056000000000000_CRA_2014 |7 0 |8 A |9 487562 |a BIBCUR |b BIBCUR |i 5461189 |l 2 |o 547.056 CRA 2014 |p 5461189 |r 2025-04-22 |s 2024-10-17 |w 2019-11-24 |y BK |z Catalogado en:20180329 |k QUI | ||
| 952 | |0 0 |1 0 |3 erd |4 0 |6 547_056000000000000_CRA_2014 |7 0 |8 A |9 487563 |a BIBCUR |b BIBCUR |i 5464544 |l 1 |o 547.056 CRA 2014 |p 5464544 |r 2025-04-22 |s 2023-11-02 |w 2019-11-24 |y BK |z Catalogado en:20180413 |k QUI | ||